000 00667cam a2200193 4500
001 WB3716-27
008 000000n2001 000 0 eng u
035 _a(Sirsi) u112157
245 _aFoot and mouth crisis
260 _c2001
490 _aDaily Telegraph
_v20 April 2001(1) LOAN
520 _aChronology of the foot and mouth epidemic charting outbreaks and developments across the country from 19 February 2001. Map and tables.
590 _aWB
650 _aFOOT-AND-MOUTH DISEASE
650 _aFARMING INDUSTRY
650 _aPROPERTY-RURAL AND NATURAL ASSETS-AGRICULTURAL PROPERTY-LIVESTOCK
690 _aRURAL-AGRICULTURE AND FORESTRY
942 _n0
999 _c66795
_d66795